Công dư tiệp kí: T1

Salvato in:
Dettagli Bibliografici
Autore principale: Vũ Phương Đề
Natura: Libro
Lingua:Undetermined
Pubblicazione: Sài Gòn Bộ quốc gia Giáo dục 1961
Soggetti:
Tags: Aggiungi Tag
Nessun Tag, puoi essere il primo ad aggiungerne! !
Thư viện lưu trữ: Trung tâm Học liệu Trường Đại học Cần Thơ
LEADER 00581nam a2200181Ia 4500
001 CTU_6281
008 210402s9999 xx 000 0 und d
082 |a 398.22 
082 |b Đ250/T1 
100 |a Vũ Phương Đề 
245 0 |a Công dư tiệp kí: T1 
245 0 |c Vũ Phương Đề 
260 |a Sài Gòn 
260 |b Bộ quốc gia Giáo dục 
260 |c 1961 
650 |a folk literature, vietnamese,historical fiction, vietnamese 
904 |i Nguyễn Quang Điền, 960815 
980 |a Trung tâm Học liệu Trường Đại học Cần Thơ